[Event "II Liga SSCS 2015 - Istok"]
[Site "VRNJAČKA BANJA - Hotel "]
[Date "2015.10.10"]
[Round "9.54"]
[White "RADUSINOVIC, Lazar  *"]
[Black "DJORDJEVIC, Danilo  **"]
[Result "1-0"]
[WhiteElo "2339"]
[BlackElo "2101"]
[PlyCount "0"]
[EventDate "2015.08.28"]

1.d4 Nf6 2.Nf3 e6 3.g3 b6 4.Bg2 Bb7 5.O-O d6 6.c4 Nbd7 7.Nc3
Be7 8.Qc2 O-O 9.e4 e5 10.Rd1 Qb8 11.b3 Rd8 12.Ba3 c5 13.dxe5
dxe5 14.Bb2 a6 15.a4 Bc6 16.Nd5 Bxd5 17.exd5 Bd6 18.Nh4 g6 19.Nf3
Re8 20.Re1 Qc7 21.Re2 Nh5 22.Rae1 Re7 23.Bh3 f5 24.Bxf5 gxf5
25.Qxf5 Ng7 26.Qb1 Rf8 27.Ng5 Nf6 28.f4 Rfe8 29.fxe5 Bxe5 30.Ne6
Rxe6 31.dxe6 Bd4+ 32.Bxd4 cxd4 33.Qd3 Qd6 34.Rf1 Rxe6 35.Rxe6
Qxe6 36.Qxd4 Nge8 37.b4 Qc6 38.b5 axb5 39.cxb5 Qe4 40.Qxe4 Nxe4
41.Rc1 N4f6 42.a5 bxa5 43.b6 Nd7 44.b7 Kf7 45.Rc8 Ke7 46.b8Q
Nxb8 47.Rxb8 Nd6 48.Rh8 1-0

[Event "II Liga SSCS 2015 - Istok"]
[Site "VRNJAČKA BANJA - Hotel "]
[Date "2015.10.10"]
[Round "9.55"]
[White "BANJOVIC, Sasa"]
[Black "RAVIC, Nenad"]
[Result "0-1"]
[WhiteElo "2139"]
[BlackElo "2316"]
[PlyCount "0"]
[EventDate "2015.08.28"]

1.d4 Nf6 2.c4 g6 3.Nc3 Bg7 4.e4 d6 5.Nf3 O-O 6.Be2 Nbd7 7.O-O
e5 8.d5 Nc5 9.Nd2 a5 10.b3 Ne8 11.a3 f5 12.Bb2 Nf6 13.b4 axb4
14.axb4 Rxa1 15.Qxa1 Ncxe4 16.Ncxe4 fxe4 17.c5 Bh6 18.Nc4 Nxd5
19.cxd6 cxd6 20.Nxe5 dxe5 21.Bxe5 Be6 22.Rd1 Qb6 23.Rd4 Ne7 24.Qe1
e3 25.f4 Rd8 26.Qc3 Rxd4 27.Bxd4 Nd5 28.Bxb6 Nxc3 29.Bf3 Bxf4
30.Bxb7 e2 0-1

[Event "II Liga SSCS 2015 - Istok"]
[Site "VRNJAČKA BANJA - Hotel "]
[Date "2015.10.10"]
[Round "9.56"]
[White "ELEZ, Nikola  *"]
[Black "VUKASINOVIC, Sasa"]
[Result "1-0"]
[WhiteElo "2222"]
[BlackElo "2075"]
[PlyCount "0"]
[EventDate "2015.08.28"]

1.e4 e5 2.Nf3 Nc6 3.Nc3 Nf6 4.g3 Bc5 5.Bg2 d6 6.d3 O-O 7.O-O
a6 8.Be3 Bg4 9.h3 Bxf3 10.Qxf3 Nd4 11.Qd1 b5 12.Qd2 c6 13.Kh2
Ne6 14.f4 Bxe3 15.Qxe3 Nd7 16.Ne2 Qb6 17.Qf3 Rac8 18.f5 Nd4 19.Nxd4
Qxd4 20.c3 Qa7 21.g4 g5 22.h4 f6 23.hxg5 fxg5 24.Qh3 Nf6 25.Rae1
Kg7 26.Bf3 Rh8 27.Kg2 Qf7 28.a3 h5 29.gxh5 Nxh5 30.Bxh5 Rxh5
31.f6+ 1-0

[Event "II Liga SSCS 2015 - Istok"]
[Site "VRNJAČKA BANJA - Hotel "]
[Date "2015.10.10"]
[Round "9.57"]
[White "DJORDJEVIC, Miroslav"]
[Black "LUKIC, Dragan M "]
[Result "0-1"]
[WhiteElo "1958"]
[BlackElo "2287"]
[PlyCount "0"]
[EventDate "2015.08.28"]

1.f4 d5 2.Nf3 g6 3.e3 Bg4 4.Be2 Bg7 5.d4 Nf6 6.b4 O-O 7.a4 Nbd7
8.O-O Ne4 9.Qe1 e6 10.Na3 a5 11.b5 Nb6 12.c4 Nxa4 13.h3 Bxf3
14.gxf3 Nd6 15.Nc2 Nc5 16.dxc5 Bxa1 17.cxd6 Bg7 18.dxc7 Qxc7
19.Ba3 Rfc8 20.c5 Bf8 21.c6 Bxa3 22.Nxa3 bxc6 23.Qa1 cxb5 24.Nxb5
Qc5 25.Nd4 a4 26.Kf2 a3 27.Nb5 a2 28.h4 h5 29.Rg1 Qc2 30.f5 exf5
31.Qf6 Rc6 32.Nd6 Rxd6 0-1

[Event "II Liga SSCS 2015 - Istok"]
[Site "VRNJAČKA BANJA - Hotel "]
[Date "2015.10.10"]
[Round "9.61"]
[White "ILIC, Zoran S"]
[Black "GOVEDARICA, Radovan"]
[Result "1/2-1/2"]
[WhiteElo "2278"]
[BlackElo "2369"]
[PlyCount "0"]
[EventDate "2015.08.28"]

1.d4 d5 2.c4 e6 3.Nf3 Nf6 4.Nc3 Be7 5.Bf4 O-O 6.e3 c5 7.dxc5
Bxc5 8.cxd5 Nxd5 9.Nxd5 exd5 10.a3 Nc6 11.Bd3 1/2-1/2

[Event "II Liga SSCS 2015 - Istok"]
[Site "VRNJAČKA BANJA - Hotel "]
[Date "2015.10.10"]
[Round "9.63"]
[White "BOJKOVIC, Slobodan"]
[Black "JOVANOVIC, Aleksandar D"]
[Result "1-0"]
[WhiteElo "2213"]
[BlackElo "2195"]
[PlyCount "0"]
[EventDate "2015.08.28"]

1.e4 e5 2.Bc4 Nf6 3.d3 Nc6 4.Nf3 Bc5 5.O-O d6 6.h3 Bb6 7.Nc3
Na5 8.Bb5+ Kf8 9.d4 a6 10.Be2 exd4 11.Nxd4 Nc6 12.Nxc6 bxc6 13.e5
Ne8 14.Bf3 Bd7 15.Bf4 g5 16.Bh2 d5 17.Bh5 Ng7 18.Kh1 Nf5 19.Qf3
Qe7 20.Ne2 Be6 21.Ng3 Nh4 22.Qd3 Qb4 23.b3 Ke7 24.c3 Qf4 25.Ne2
Qf5 26.Qg3 c5 27.Bg4 Qg6 28.f4 Rhg8 29.fxg5 Qxg5 30.Nf4 c6 31.Nxe6
fxe6 32.Rf6 Rg6 33.Raf1 Rag8 34.Rf7+ Ke8 35.Qf2 R6g7 36.Rf8+
Rxf8 37.Qxf8+ 1-0

[Event "II Liga SSCS 2015 - Istok"]
[Site "VRNJAČKA BANJA - Hotel "]
[Date "2015.10.10"]
[Round "9.64"]
[White "ILIC, Aleksandar "]
[Black "MITROVIC, Darko R"]
[Result "1/2-1/2"]
[WhiteElo "2147"]
[BlackElo "2241"]
[PlyCount "0"]
[EventDate "2015.08.28"]

1.e4 e6 2.d4 d5 3.Nc3 Bb4 4.e5 c5 5.Bd2 Ne7 6.Nb5 Bxd2+ 7.Qxd2
O-O 8.c3 a6 9.Nd6 f6 10.Nxc8 Qxc8 11.exf6 Rxf6 12.f4 Qc7 13.g3
cxd4 1/2-1/2

[Event "II Liga SSCS 2015 - Istok"]
[Site "VRNJAČKA BANJA - Hotel "]
[Date "2015.10.10"]
[Round "9.65"]
[White "PERUNOVIC, Ljubivoje"]
[Black "DJUKIC, Slobodan D"]
[Result "1/2-1/2"]
[WhiteElo "1863"]
[BlackElo "2127"]
[PlyCount "0"]
[EventDate "2015.08.28"]

1.d4 Nf6 2.Nf3 g6 3.Bg5 Bg7 4.Nbd2 d5 5.e3 O-O 6.Bd3 c5 7.c3
Qb6 8.Qb3 Nc6 9.O-O c4 10.Qxb6 axb6 11.Bc2 Bf5 12.Bxf5 gxf5 13.Ne5
Nxe5 14.dxe5 Nd7 15.Bxe7 Rfe8 16.Bf6 Bxf6 17.exf6 Nc5 18.Nf3
Re6 19.a3 Rxf6 20.g3 Kg7 21.Rfd1 Rd6 22.Kf1 Ra5 23.Ke2 Kf6 24.Rab1
Ne6 25.h4 Rd8 26.Rd2 h6 27.Ne1 Nc5 28.Rbd1 Nb3 29.Rc2 Nc5 30.Kf3
Rb5 31.Ke2 Na4 32.Rdd2 Nc5 33.Nf3 Ne4 34.Rd1 Ra5 1/2-1/2